The Famine of 1896-1897 in Bengal Availability or Entitlement Crisis ? / (Record no. 61311)

MARC details
000 -LEADER
fixed length control field 01690nam a22002777a 4500
005 - DATE AND TIME OF LATEST TRANSACTION
control field 20120120123538.0
010 ## - LCCN (DPL NO)
LC control number B-445580-586
020 ## - INTERNATIONAL STANDARD BOOK NUMBER
International Standard Book Number 9788125023890
Terms of availability 795.00
035 ## - SYSTEM CONTROL NUMBER
System control number B-445580-586
037 ## - SOURCE OF ACQUISITION
Stock number dpl
Source of stock number/acquisition Allied Pub/Ven
082 ## - DEWEY DECIMAL CLASSIFICATION NUMBER
Classification number 363.8095452
100 ## - MAIN ENTRY--PERSONAL NAME
Personal name Chakrabarti, Malabika
245 ## - TITLE STATEMENT
Title The Famine of 1896-1897 in Bengal Availability or Entitlement Crisis ? /
Statement of responsibility, etc by Malabika, Chakrabarti
260 ## - PUBLICATION, DISTRIBUTION, ETC. (IMPRINT)
Place of publication, distribution, etc Hyderabad
Name of publisher, distributor, etc Orient Longman
Date of publication, distribution, etc 2004
270 ## - ADDRESS
Address 3-6-752 Himayatnagar
City Hyderbad
Postal code 500029 (A.P.) India
300 ## - PHYSICAL DESCRIPTION
Extent x,541p.
Dimensions 21cm(Hb)
942 ## - ADDED ENTRY ELEMENTS (KOHA)
Source of classification or shelving scheme Dewey Decimal Classification
Item type English Books
Call number suffix CHA
Classification part 363.8095452
Holdings
Withdrawn status Lost status Not for loan Collection code Home library Current library Date acquired Cost, normal purchase price Full call number Barcode Copy number Cost, replacement price Koha item type Public note
Written off     Non-fiction Central Library Central Library 06/02/2012 795.00 363.8095452 CHA B-445580 1 795.00 English Books W/d List No. 6882/24 ; dtd 03/09/2020
      Non-fiction Janak Puri Janak Puri 06/02/2012 795.00 363.8095452 CHA B-445582 1 795.00 English Books  
      Non-fiction Karol Bagh Karol Bagh 06/02/2012 795.00 363.8095452 CHA B-445585 1 795.00 English Books  
      Non-fiction Patel Nagar Patel Nagar 06/02/2012 795.00 363.8095452 CHA B-445581 1 795.00 English Books  
      Non-fiction Sarojini Nagar Sarojini Nagar 06/02/2012 795.00 363.8095452 CHA B-445583 1 795.00 English Books  
      Non-fiction Shahdara Branch Shahdara Branch 06/02/2012 795.00 363.8095452 CHA B-445586 1 795.00 English Books  
      Non-fiction Vinoba Puri Vinoba Puri 06/02/2012 795.00 363.8095452 CHA B-445584 1 795.00 English Books  

© Delhi Public Library
Hit Counter
free hit counter